Signals and systems (Record no. 274847)
[ view plain ]
| 000 -LEADER | |
|---|---|
| fixed length control field | 00443nam a2200181Ia 4500 |
| 008 - FIXED-LENGTH DATA ELEMENTS--GENERAL INFORMATION | |
| fixed length control field | 240126s9999 xx 000 0 und d |
| 020 ## - INTERNATIONAL STANDARD BOOK NUMBER | |
| International Standard Book Number | 818849448 |
| 041 ## - LANGUAGE CODE | |
| Language code of text/sound track or separate title | English |
| 082 ## - DEWEY DECIMAL CLASSIFICATION NUMBER | |
| Classification number | 621.38143 GAN;1 R |
| 100 ## - MAIN ENTRY--PERSONAL NAME | |
| Personal name | Ganesh Rao, D. Satish, Tunga. |
| 245 #0 - TITLE STATEMENT | |
| Title | Signals and systems |
| 250 ## - EDITION STATEMENT | |
| Edition statement | 4th ed. |
| 260 ## - PUBLICATION, DISTRIBUTION, ETC. | |
| Name of publisher, distributor, etc. | Sanguine Technical Publishers |
| Place of publication, distribution, etc. | Bangalore |
| 300 ## - PHYSICAL DESCRIPTION | |
| Extent | 503 |
| 440 ## - SERIES STATEMENT/ADDED ENTRY--TITLE | |
| Title | NULL |
| 650 ## - SUBJECT ADDED ENTRY--TOPICAL TERM | |
| Topical term or geographic name entry element | Signals |
| 942 ## - ADDED ENTRY ELEMENTS (KOHA) | |
| Koha item type | PESU Books |
| Date last seen | Total checkouts | Full call number | Accession number | Volume/Issue Number | Price effective from | Category | Lost status | Damaged status | Department | Withdrawn status | Home library | Current library | Shelving location | Entry date | Grants | Currency symbol | Conversion rate | Discount | Old discount | Date last checked out | Billnumber |
|---|---|---|---|---|---|---|---|---|---|---|---|---|---|---|---|---|---|---|---|---|---|
| 26/01/2024 | 621.38143 GAN;1 R | PU3141 | (30/06/1905) | 26/01/2024 | PESU Books | Central Library | Central Library | Central Library | Central Library | 26/03/2015 | DONATED | RS | 1 | ||||||||
| 28/11/2025 | 1 | 621.38143 GAN;1 R | PU3185 | (30/06/1905) | 26/01/2024 | PESU Books | Central Library | Central Library | RFID Kiosk | Central Library | 01/04/2015 | DONATED | RS | 1 | 13/11/2025 | IN1592 |
